000
00311nam a22001217a 4500
008
260424b |||||||| |||| 00| 0 eng d
082
_a
001069
100
_a
Narayanachar, K S
245
_a
Vedasamskruti Parichaya
260
_a
Hubli
_b
Sahitya Prakashana
_c
2011 2018 2015
300
_a
624 664 680 p
942
_2
ddc
999
_c
1309
_d
1309